|
|
|
|
| LEADER |
01188nam a22002657a 4500 |
| 001 |
AAL6914 |
| 003 |
BD-DhAAL |
| 005 |
20190513121651.0 |
| 008 |
160208s 2008bg a|||| |||| 00| 0 ben d |
| 999 |
|
|
|c 36821
|d 36821
|
| 020 |
|
|
|a 9848684646
|
| 040 |
|
|
|a BD-DhAAL
|c BD-DhAAL
|
| 082 |
|
|
|a 891.4437
|
| 100 |
|
|
|a আহমেদ, হুমায়ূন
|9 17907
|
| 245 |
|
|
|a হিমু রিমান্ডে /
|c হুমায়ূন আহমেদ
|
| 246 |
|
|
|a Himu Remande
|
| 250 |
|
|
|a সপ্তদশ মুদ্রণ ২০১৭
|
| 260 |
|
|
|a ঢাকা :
|b অন্যপ্রকাশ,
|c ২০০৮.
|
| 300 |
|
|
|a ৮৭ পৃ. :
|b চিত্র ;
|c ২২ সে.মি.
|
| 526 |
|
|
|a AAL
|
| 541 |
|
|
|e 6914, 34506
|
| 650 |
|
|
|a Bengali fiction.
|9 17908
|
| 942 |
|
|
|2 ddc
|c BK
|
| 952 |
|
|
|0 0
|1 0
|2 ddc
|4 0
|6 891_000000000000000__4437_AHA
|7 0
|9 57951
|a SCL
|b SCL
|c GEN
|d 2016-02-08
|g 120.00
|l 36
|m 47
|o 891.4437 AHA
|p 3020006914
|r 2026-04-06
|s 2026-04-05
|t 1
|w 2016-02-08
|y BK
|
| 952 |
|
|
|0 0
|1 0
|2 ddc
|4 0
|6 891_443700000000000_AHM
|7 0
|9 65458
|a BRACUL
|b BRACUL
|c GEN
|d 2019-05-09
|e রকমারি.com
|g 186.00
|l 18
|m 93
|o 891.4437 AHM
|p 3010034506
|r 2025-05-27
|s 2024-12-11
|t 1
|v 186.00
|w 2019-05-09
|y BK
|